Biblioteca

Biología y espíritu (Registro nro. 64074)

Detalles MARC
000 -LÍDER
Campo fijo de descripción fija 01759nam a22003854i 4500
001 - NÚMERO DE CONTROL
Campo de control a5592164
003 - IDENTIFICADOR DEL NÚMERO DE CONTROL
Campo de control SpMaBN
005 - FECHA Y HORA DE LA ULTIMA TRANSACCIÓN
control field 20180622072749.0
008 - ELEMENTOS DE LONGITUD FIJA -- INFORMACIÓN GENERAL
Campo fijo de descripción fija -- Información general 141226s2014 sp | |||| 000 0 spa
017 ## - COPYRIGHT OR LEGAL DEPOSIT NUMBER
Copyright or legal deposit number SA 528-2014
Assigning agency Oficina Depósito Legal Cantabria
020 ## - NÚMERO INTERNACIONAL NORMALIZADO PARA LIBROS
Número Internacional Normalizado del libro 9788429322248
040 ## - FUENTE DE CATALOGACIÓN
Agencia de catalogación original SpMaBN
Idioma de catalogación spa
Convenciones de la descripción rdc
Agencia que realiza la transcripción CO-MdFUSB
Agencia que realiza la modificación CO-MdFUSBC
041 ## - CÓDIGO DE IDIOMA
Código de idioma para texto/pista de sonido o título separado spa
080 ## - UNIVERSAL DECIMAL CLASSIFICATION NUMBER
Universal Decimal Classification number 001.:1
080 ## - UNIVERSAL DECIMAL CLASSIFICATION NUMBER
Universal Decimal Classification number 141.155
082 ## - NÚMERO DE CLASIFICACIÓN DECIMAL DEWEY
Número de la edición del Dewey 23
Número de clasificación 201.657
Clave de autor-Numero de item M938
100 1# - ASIENTO PRINCIPAL--NOMBRE PERSONAL
Nombre personal Moya, Andrés
Fechas asociadas con el nombre 1956-
Término relacionador autor
245 10 - TÍTULO
Título del Material Biología y espíritu
Mención de responsabilidad, etc. / Andrés Moya ; exordio de Diego Bermejo
264 #1 - PRODUCCIÓN, PUBLICACIÓN, DISTRIBUCIÓN, MANUFACTURA, Y COPYRIGHT
Lugar de producción, publicación, distribución, manufactura Maliaño, España :
Nombre del productor, publicador, distribuidor Sal Terrae,
Fecha de producción, publicación, distribución, manufactura, o copyright [2014]
264 #4 - PRODUCCIÓN, PUBLICACIÓN, DISTRIBUCIÓN, MANUFACTURA, Y COPYRIGHT
Fecha de producción, publicación, distribución, manufactura, o copyright ©2014
300 ## - DESCRIPCIÓN FÍSICA
Extensión 167 páginas :
Dimensiones 21 cm
Otros detalles físicos :
336 ## - TIPO DE CONTENIDO
Término de tipo de contenido texto
Fuente rdacontent
Código de tipo de contenido txt
337 ## - TIPO DE MEDIO
Nombre del tipo de medio sin mediación
Fuente rdamedia
Código del tipo de medio n
338 ## - TIPO DE SOPORTE
Fuente rdacarrier
Nombre del tipo de soporte volumen
Código Tipo de soporte nc
504 ## - NOTA DE BIBLIOGRAFÍA, ETC.
Nota de bibliografía, etc Incluye referencias bibliográficas (páginas 165-167)
505 #0 - NOTA DE CONTENIDO
Título Exordio. --
-- Prologo. --
-- Introducción. --
-- Ciencia y conocimiento general. --
-- Ontología y ciencia evolutiva. --
-- Transevolución. --
-- Caminando hacia la espiritualidad. --
-- Bibliografía seleccionada del autor (desde 2000). --
-- Bibliografía citada. --
Nota de contenido con formato preestablecido La ciencia como metaconocimiento -- La instrucción en ciencia --Esencialismo y pensamiento poblacional -- La continuidad biológica del ente humano -- Accidentalismo frente a esencialismo -- El alcance de la sociobiología -- A propósito de la espiritualidad -- Biología y ontología -- Hombre y cíborg -- el lento caminar de la ciencia -- Trascendiendo al hombre
563 ## - NOTA DE ENCUADERNACIÓN
Nota de encuadernación Rústico
650 #7 - ASIENTO SECUNDARIO DE MATERIA - TERMINO TEMÁTICO
Término temático o nombre geográfico como elemento de entrada Ciencia
Subdivisión general Filosofía
650 #7 - ASIENTO SECUNDARIO DE MATERIA - TERMINO TEMÁTICO
Término temático o nombre geográfico como elemento de entrada Evolucionismo
700 1# - ASIENTO SECUNDARIO - NOMBRE PERSONAL
Nombre personal Bermejo, Diego
Responsabilidad autor del comentario adicional
942 ## - TIPO DE MATERIAL (KOHA)
Tipo de Item KOHA Libros General
956 ## - LOCAL ELECTRONIC LOCATION AND ACCESS (OCLC)
Host name 2
Existencias
Estado de Material Estado de Perdido Forma de Clasificación Estado de Dañado No para Préstamo Colección Biblioteca de Origen Biblioteca Permanente Fecha de Adquisición Total de Préstamos Signatura Topográfica Código de Barras Última vez visto Ejemplar/Existencia Fecha de Remplazo Tipo de Material
    Dewey Decimal Classification     Colección General Biblioteca FUSBC Biblioteca FUSBC 11/10/2017   G 218 M938b 6089 12/12/2019 Ej.1 11/10/2017 Libros General

Biblioteca FUSBC | Teléfono: (57+4) 349 88 10 Ext. 141| WhatsApp (+57) 3005338115 
E-mail: biblioteca@unisbc.edu.co | Calle 76 87-14 Robledo Palenque, Medellín, Colombia

Con tecnología Koha